[Event "Elite Hotels Open 2015"]
[Site "Elite Stadshotellet, Vaxjo"]
[Date "2015.02.14"]
[Round "6.13"]
[White "Olofsson-Dolk, Mattis"]
[Black "Bellon Lopez, Juan Manuel"]
[Result "1/2-1/2"]
[WhiteElo "2228"]
[BlackElo "2368"]

1.e4 c5 2.Nf3 Nc6 3.d4 cxd4 4.Nxd4 Nf6 5.Nc3 e5 6.Ndb5 h6 7.Nd5 Nxd5 8.
exd5 a6 9.Nc3 Nd4 10.Bd3 d6 11.O-O g6 12.f4 Bg7 13.Ne2 Bg4 14.c3 e4 15.
cxd4 exd3 16.Qxd3 O-O 17.Ng3 Qb6 18.Be3 Rfe8 19.Kh1 Bd7 20.f5 Bb5 21.Qb3 
Bxd4 22.Bxd4 Qxd4 23.fxg6 fxg6 24.Rfd1 Qc4 25.Qf3 Qh4 26.Qf2 Re5 27.a4 Rh5
28.h3 Rf8 29.Qe3 Re5 30.Qc3 Bd7 31.Rf1 Rxf1+ 32.Rxf1 Qe7 33.Qc4 Be8 34.Rc1
Bf7 35.Qc8+ Kg7 36.Rc7 Re1+ 37.Kh2 Qe3 38.h4 Qf4 39.h5 Re3 40.Qh3 gxh5 41.
Rc4 Qe5 42.Qh4 Bg6 43.Rc7+ Bf7 44.Rxb7 Kg6 45.Rb4 Bxd5 46.Rf4 Qg5 47.Qxh5+
Qxh5+ 48.Nxh5 Re4 49.Rf6+ Kxh5 50.Rf5+ Kg4 51.Rxd5 Rxa4 52.Rxd6 h5 53.b3 
Ra3 54.Rd4+ Kf5 55.Ra4 Rxa4 56.bxa4 Kg4 57.g3 h4 58.gxh4 Kxh4 59.Kg2 Kg4 
60.Kf2 Kf4 61.Ke2 Ke4 62.Kd2 Kd4 63.Kc2 Kc4 64.Kb2 a5 65.Ka3 Kc3 66.Ka2 
Kb4 67.Kb2 Kxa4 68.Ka2 Kb4 69.Ka1 Kc3 70.Ka2 a4 71.Ka3 Kc4 72.Kxa4 1/2-1/2

[Event "Elite Hotels Open 2015"]
[Site "Elite Stadshotellet, Vaxjo"]
[Date "2015.02.14"]
[Round "6.14"]
[White "Bakr, Jwan"]
[Black "Eriksson, Kristian"]
[Result "1-0"]
[WhiteElo "2343"]
[BlackElo "2153"]

1.d4 Nf6 2.Bg5 Ne4 3.Bf4 e6 4.Nd2 d5 5.e3 c5 6.c3 Nc6 7.Ngf3 Bd6 8.Bxd6 
Qxd6 9.Nxe4 dxe4 10.Nd2 cxd4 11.exd4 f5 12.f3 exf3 13.Nxf3 O-O 14.Bc4 Kh8 
15.Qe2 Bd7 16.O-O Rae8 17.Rfe1 a6 18.Rad1 b5 19.Bb3 Na5 20.Qe5 Qb6 21.Qc5 
Qd8 22.Qd6 Nxb3 23.axb3 Bc8 24.Qxd8 Rxd8 25.Re5 h6 26.Rc5 Bb7 27.Ne5 Kg8 
28.Rc7 Be4 29.Ra1 Rd6 30.b4 Bd5 31.Kf2 Be4 32.g3 Ra8 33.Ke3 Rf8 34.h4 Ra8 
35.g4 Rf8 36.g5 hxg5 37.hxg5 Bd5 38.Kf4 Rb6 39.Nd7 Rb7 40.Rxb7 Bxb7 41.
Nxf8 Kxf8 42.Ke5 Ke7 43.b3 1-0

[Event "Elite Hotels Open 2015"]
[Site "Elite Stadshotellet, Vaxjo"]
[Date "2015.02.14"]
[Round "6.15"]
[White "Larsson, Per-Olov"]
[Black "Rahul Kumar, Pune"]
[Result "0-1"]
[WhiteElo "1969"]
[BlackElo "2148"]

1.e4 e6 2.d4 d5 3.Nc3 Nf6 4.Bg5 Bb4 5.e5 h6 6.Bd2 Bxc3 7.bxc3 Ne4 8.Bd3 
Nxd2 9.Qxd2 c5 10.Bb5+ Bd7 11.Bxd7+ Nxd7 12.Nf3 Rc8 13.O-O O-O 14.Rfe1 Qe7
15.Qd3 Nb6 16.a4 cxd4 17.cxd4 Rc7 18.a5 Nc4 19.Qb3 Rfc8 20.Re2 Rc6 21.Nd2 
Nxd2 22.Rxd2 Rc3 23.Qa2 R8c7 24.g3 Qg5 25.Rad1 Qf5 26.Rc1 g5 27.Qa4 h5 28.
Qe8+ Kg7 29.f4 g4 30.Qd8 Rc8 31.Qe7 R3c7 32.Qh4 Kf8 33.Re2 Ke8 34.Rb1 Rd8 
35.Rb2 Kd7 36.Kf2 Kc8 37.Qf6 Qg6 38.Qxg6 fxg6 39.Re3 Rc4 40.Rd3 Ra4 41.Rb5
Kb8 42.Rdb3 Rd7 43.Ke3 Rc7 44.Kd3 Ra2 45.Rb2 Rxb2 46.Rxb2 Rc4 47.Ra2 Kc7 
48.c3 Kc6 49.Kc2 Kd7 50.Kb3 Rc6 51.Ra4 Ra6 52.Kb4 Kc6 53.Kb3 b6 54.axb6 
Rxa4 55.Kxa4 Kxb6 56.c4 dxc4 57.Kb4 c3 58.Kxc3 Kc6 59.Kc4 a5 60.Kb3 Kd5 
61.Ka4 Kxd4 62.Kxa5 g5 63.fxg5 Kxe5 64.Kb5 Kf5 65.Kc4 Kxg5 66.Kd4 Kf5 67.
Kd3 e5 68.Ke3 Kf6 69.Kd3 Ke7 70.Ke3 Kd6 71.Ke2 e4 72.Kd2 Kd5 73.Ke3 Ke5 
74.Ke2 Kd4 75.Kd2 e3+ 76.Ke2 Ke4 0-1

[Event "Elite Hotels Open 2015"]
[Site "Elite Stadshotellet, Vaxjo"]
[Date "2015.02.14"]
[Round "6.16"]
[White "Gillefalk, Bjorn"]
[Black "Vaarala, Eric"]
[Result "1/2-1/2"]
[WhiteElo "2090"]
[BlackElo "2304"]

1.d4 Nf6 2.c4 e6 3.g3 Bb4+ 4.Bd2 c5 5.Bxb4 cxb4 6.Nf3 O-O 7.Bg2 d5 8.cxd5 
exd5 9.O-O Nc6 10.Nbd2 Re8 11.Nb3 a5 12.Nc5 Qe7 13.Re1 Bg4 14.Rc1 Rac8 15.
h3 Bf5 16.Nh4 Be4 17.Bxe4 Nxe4 18.Nxe4 dxe4 19.e3 Rcd8 20.Qh5 g6 21.Qb5 
Rd6 22.Rc5 Qd7 23.Kg2 Rd8 24.Rec1 Qe7 25.Qe2 Rd5 26.Qb5 R5d6 27.Qe2 Qe6 
28.b3 Rd5 29.Qg4 f5 30.Qf4 Qe7 31.Qh6 R8d6 32.Rxd5 Rxd5 33.f4 a4 34.bxa4 
Ra5 35.g4 fxg4 36.hxg4 Rxa4 37.Rc2 Ra5 38.f5 Qg7 39.Qxg7+ Kxg7 40.fxg6 
hxg6 41.Kg3 Kf6 42.Rf2+ Kg5 43.Ng2 Ra3 44.Rc2 Nxd4 45.Rc5+ Kf6 46.g5+ Ke7 
47.Rc7+ Kd6 48.Rxb7 Ne6 49.Rxb4 Nxg5 50.Rb6+ Ke5 51.Rxg6 Ne6 52.Rg8 Rxa2 
53.Rb8 Ra5 54.Re8 Kf6 55.Nf4 Rg5+ 56.Kf2 Nc5 57.Rf8+ Ke7 58.Ra8 Nd7 59.Ra7
Rg8 60.Nd5+ Ke6 61.Nf4+ Kd6 62.Ra6+ Kc7 63.Nd5+ Kb7 64.Ra1 Rf8+ 65.Nf4 Nc5
66.Ke2 Rh8 67.Rg1 Kc6 68.Rg5 Ra8 69.Rg6+ Kb5 70.Rd6 Ra3 71.Rd4 Ra8 72.Nd5 
Ra2+ 73.Rd2 Rxd2+ 74.Kxd2 Kc4 75.Nf6 Kb4 1/2-1/2

[Event "Elite Hotels Open 2015"]
[Site "Elite Stadshotellet, Vaxjo"]
[Date "2015.02.14"]
[Round "6.17"]
[White "Lissang, Christopher"]
[Black "Hansson, Fredrik"]
[Result "1-0"]
[WhiteElo "2280"]
[BlackElo "2029"]

1.Nf3 Nf6 2.g3 d5 3.Bg2 g6 4.d4 Bg7 5.O-O O-O 6.c4 c6 7.Nbd2 Ne4 8.e3 Bf5 
9.cxd5 cxd5 10.Nh4 Nc6 11.Nxf5 gxf5 12.f3 Nd6 13.Nb1 Rc8 14.Nc3 e6 15.Qe2 
Qa5 16.Kh1 b5 17.Bd2 b4 18.Nd1 Qb6 19.Nf2 Nc4 20.Nd3 Bh6 21.f4 Nd6 22.Be1 
Qb5 23.Rg1 Ne4 24.Bf1 Qb7 25.g4 fxg4 26.Qxg4+ Kh8 27.Qh5 Bg7 28.f5 Rg8 29.
fxe6 fxe6 30.Nf4 Rge8 31.Bh3 Nf6 32.Qh4 Nd8 33.Rg2 Ne4 34.Nh5 Rc7 35.Bg3 
Nxg3+ 36.Rxg3 Rf7 37.Nf4 h6 38.Rag1 Kh7 39.Bf1 1-0

[Event "Elite Hotels Open 2015"]
[Site "Elite Stadshotellet, Vaxjo"]
[Date "2015.02.14"]
[Round "6.18"]
[White "Pantzar, Milton"]
[Black "Arman, Deniz"]
[Result "0-1"]
[WhiteElo "2042"]
[BlackElo "2276"]

1.d4 Nf6 2.c4 c5 3.d5 b5 4.cxb5 a6 5.bxa6 Bxa6 6.Nc3 d6 7.e4 Bxf1 8.Kxf1 
g6 9.Nf3 Nbd7 10.g3 Bg7 11.Kg2 O-O 12.Qc2 Ra6 13.a4 Qa8 14.Rb1 e6 15.dxe6 
fxe6 16.Re1 d5 17.b3 Ng4 18.Nb5 Qb7 19.Bb2 d4 20.Re2 Rxf3 21.Kxf3 d3 22.
Qd2 Nge5+ 23.Kg2 dxe2 24.Qxe2 Nf7 25.f3 Bxb2 26.Rxb2 Nd6 27.Nc7 Rb6 28.
Nxe6 c4 29.a5 Rxb3 30.Rxb3 Qxb3 31.Qd2 Qd3 32.Qxd3 cxd3 33.Kf2 Kf7 34.Nc7 
Ne5 35.a6 Nc8 36.Nb5 d2 37.Nc3 Nd3+ 38.Ke2 Nc5 39.Kxd2 Nxa6 40.Nd5 Ne7 41.
Ne3 Nc5 42.Ng4 Nc6 43.Ke3 Ke6 44.f4 Kf7 45.Nf2 Nd7 46.Nd3 Nf6 47.Nf2 Nb4 
48.h4 Nc2+ 49.Kd2 Na3 50.Ke3 Nc4+ 51.Kd3 Nb6 52.f5 Nh5 53.fxg6+ Kxg6 54.g4
Nf4+ 55.Kd4 Ng2 56.h5+ Kg5 57.Kc5 Nd7+ 58.Kd6 Nf6 59.e5 Nxg4 60.Ne4+ Kf5 
61.e6 Kxe4 62.e7 Nf6 63.Ke6 Nd5 64.h6 Ngf4+ 65.Kf7 Nxe7 66.Kxe7 Kf5 67.Kf7
Nh5 0-1

[Event "Elite Hotels Open 2015"]
[Site "Elite Stadshotellet, Vaxjo"]
[Date "2015.02.14"]
[Round "6.19"]
[White "Svensson, Bo Anders"]
[Black "Tomaz, Tainan Pantano"]
[Result "1/2-1/2"]
[WhiteElo "2242"]
[BlackElo "1984"]

1.c4 f5 2.g3 Nf6 3.Bg2 e6 4.d3 c6 5.Nf3 d5 6.O-O Bc5 7.a3 a5 8.Qc2 Qe7 9.
Bf4 Nbd7 10.d4 Bd6 11.c5 Bxf4 12.gxf4 O-O 13.Nbd2 Ne4 14.e3 h6 15.Ne5 Nxd2
16.Qxd2 Nxe5 17.fxe5 f4 18.f3 Qh4 19.Qe1 Qxe1 20.Rfxe1 fxe3 21.Rxe3 Rf4 
22.Rd1 a4 23.Kf2 g5 24.Rc3 Kf8 25.Ke3 Ke7 26.Bh3 Rh4 27.Bf1 Rxh2 28.Be2 
Rh4 29.Rcc1 Bd7 30.Rh1 Rxh1 31.Rxh1 Rh8 32.Bd1 Kf7 33.Bxa4 Kg7 34.Bd1 Rf8 
35.b4 Be8 36.a4 h5 37.Be2 Bg6 38.a5 h4 39.Ra1 g4 1/2-1/2

[Event "Elite Hotels Open 2015"]
[Site "Elite Stadshotellet, Vaxjo"]
[Date "2015.02.14"]
[Round "6.20"]
[White "Sundqvist, Jan-Ove"]
[Black "Henriksson, Johan"]
[Result "0-1"]
[WhiteElo "1934"]
[BlackElo "2241"]

1.d4 c6 2.f4 d5 3.Nf3 g6 4.e3 Bg4 5.Be2 Bxf3 6.Bxf3 e6 7.Nd2 f5 8.c4 Nf6 
9.c5 b6 10.b4 a5 11.Qa4 b5 12.Qb3 axb4 13.Qxb4 Nbd7 14.Qc3 Ra6 15.Bb2 Be7 
16.a3 Kf7 17.O-O Qa8 18.Be2 Bd8 19.Qc2 Ra4 20.Nf3 Bc7 21.Bd3 Ke7 22.Qf2 h6
23.Bc2 Ra7 24.Qh4 Kf7 25.Ne5+ Nxe5 26.fxe5 Ng8 27.e4 Bd8 28.Qg3 dxe4 29.
Bxe4 Ne7 30.Qh3 Kg7 31.Bc2 h5 32.Bb3 Qc8 33.Bc1 Qd7 34.Qd3 Nd5 35.Bd2 Be7 
36.Bc2 Rha8 37.h3 h4 38.g4 hxg3 39.Qxg3 Rh8 40.Kh2 Bh4 41.Qf3 Ne7 42.Be3 
Qd5 43.Qe2 Kf7 44.Rg1 Rha8 45.Qd3 Qc4 46.Qxc4 bxc4 47.Bc1 Bf2 48.Rd1 Rd7 
49.Bb2 Rad8 50.Rd2 Bxd4 51.Rad1 Bxe5+ 0-1

[Event "Elite Hotels Open 2015"]
[Site "Elite Stadshotellet, Vaxjo"]
[Date "2015.02.14"]
[Round "6.21"]
[White "Lekander, Rolf"]
[Black "Alsaied Ali, Firas"]
[Result "1-0"]
[WhiteElo "2231"]
[BlackElo "1691"]

1.c4 Nf6 2.g3 c5 3.Bg2 g6 4.Nc3 Bg7 5.Nf3 Nc6 6.d4 cxd4 7.Nxd4 O-O 8.O-O 
a6 9.c5 Qa5 10.Nb3 Qc7 11.Bf4 e5 12.Bg5 Ne7 13.Qd2 h6 14.Bxh6 Bxh6 15.Qxh6
Nf5 16.Qg5 Kg7 17.Qxf6+ Kxf6 18.Nd5+ Kg7 19.Nxc7 Rb8 20.Nd5 d6 21.e4 Nd4 
22.Nxd4 exd4 23.cxd6 Be6 24.e5 Bf5 25.Rfd1 d3 26.Nf6 Rbc8 27.g4 Be6 28.
Rxd3 Rc5 29.Re1 Bxa2 30.Rh3 Rxe5 31.Rxe5 Kxf6 32.f4 Be6 33.g5+ Kg7 34.Rc3 
Rd8 35.Rxe6 fxe6 36.Rc7+ Kf8 37.d7 Ke7 38.Rxb7 Kd6 39.Kf2 a5 40.Ke3 a4 41.
Be4 e5 42.fxe5+ Kxe5 43.Bxg6 Rh8 44.h4 1-0

[Event "Elite Hotels Open 2015"]
[Site "Elite Stadshotellet, Vaxjo"]
[Date "2015.02.14"]
[Round "6.22"]
[White "Ornstein, Axel"]
[Black "Rishovd, Svein"]
[Result "1/2-1/2"]
[WhiteElo "2330"]
[BlackElo "2010"]

1.e4 c5 2.Nf3 Nc6 3.d4 cxd4 4.Nxd4 Qb6 5.Nb3 Nf6 6.Nc3 e6 7.Be3 Qc7 8.a3 
a6 9.f4 d6 10.g4 b5 11.g5 Nd7 12.Qg4 Be7 13.Rd1 b4 14.axb4 Nxb4 15.Rd2 Rb8
16.Qd1 Nb6 17.Nd4 Nc4 18.Bxc4 Qxc4 19.Nde2 O-O 20.O-O Bb7 21.Ng3 d5 22.
exd5 Nxd5 23.Nxd5 Bxd5 24.b3 Qc8 25.Rff2 Bc5 26.Bxc5 Qxc5 27.Qa1 Bb7 28.
Qd4 Qc6 29.Qd6 Qb5 30.Qe5 Rfd8 31.Qxb5 axb5 32.Kf1 f6 33.gxf6 gxf6 34.Ke1 
Rxd2 35.Rxd2 Bd5 36.Rd4 Rc8 37.Kd2 Kf7 38.f5 Ke7 39.Rh4 Rh8 40.Rh6 Bf3 41.
fxe6 Kxe6 42.Nh5 Bg4 43.Nxf6 Bf5 44.Nxh7+ Ke7 45.Nf6 Rxh6 46.Ng8+ Kf8 47.
Nxh6 Bh3 48.Kc3 Kg7 49.Kb4 Bd7 50.Ng4 Bxg4 51.Kxb5 Bd1 52.c4 1/2-1/2

[Event "Elite Hotels Open 2015"]
[Site "Elite Stadshotellet, Vaxjo"]
[Date "2015.02.14"]
[Round "6.23"]
[White "Rydstrom, Tom"]
[Black "Danielsson, Fredrik"]
[Result "1-0"]
[WhiteElo "2314"]
[BlackElo "1993"]

1.e4 c5 2.Nf3 d6 3.d4 cxd4 4.Nxd4 Nf6 5.Nc3 a6 6.Be3 e5 7.Nf3 Qc7 8.a4 Be6
9.Be2 Be7 10.O-O O-O 11.h3 Nbd7 12.a5 Nc5 13.Nd5 Nxd5 14.exd5 Bf5 15.c4 b6
16.b4 Nd7 17.axb6 Nxb6 18.Qd2 Nxc4 19.Qc3 Rfc8 20.Rfc1 Nxe3 21.Qxc7 Rxc7 
22.Rxc7 Nxd5 23.Rc4 Rb8 24.Rxa6 Rxb4 25.Rxb4 Nxb4 26.Ra7 Bf8 27.Rb7 Nc6 
28.Bc4 Nd8 29.Ra7 Be6 30.Bxe6 Nxe6 31.Rd7 g6 32.Nd2 Nc5 33.Rd8 Ne6 34.Ra8 
Kg7 35.Nc4 Nc5 36.Kf1 h5 37.Ke2 Be7 38.Re8 Bf8 39.Rb8 Ne6 40.Rb6 Nd4+ 41.
Kd3 Ne6 42.g3 Ng5 43.h4 Ne6 44.Ke4 Nc5+ 45.Kd5 Nd7 46.Rb7 Nf6+ 47.Kc6 Ne4 
48.Rb2 f5 49.Ne3 Kf6 50.Nd5+ Ke6 51.Nc7+ Kf6 52.Nd5+ Ke6 53.Rb8 Bh6 54.
Re8+ Kf7 55.Re7+ Kf8 56.Ra7 Nxf2 57.Kxd6 Ng4 58.Ke6 e4 59.Nf6 Nxf6 60.Kxf6
Bg7+ 61.Rxg7 1-0

[Event "Elite Hotels Open 2015"]
[Site "Elite Stadshotellet, Vaxjo"]
[Date "2015.02.14"]
[Round "6.24"]
[White "Drugge, Patrik"]
[Black "Thornblad, Erik"]
[Result "1/2-1/2"]
[WhiteElo "2207"]
[BlackElo "1970"]

1.e4 d6 2.d4 Nf6 3.Nc3 g6 4.Be2 Bg7 5.g4 c5 6.d5 a6 7.g5 Ng8 8.a4 e6 9.h4 
Ne7 10.Qd3 exd5 11.Nxd5 Nxd5 12.Qxd5 Nc6 13.Bf4 Be6 14.Qxd6 Qxd6 15.Bxd6 
Bxb2 16.Rb1 Bc3+ 17.Kf1 Bb4 18.c3 O-O-O 19.cxb4 Rxd6 20.b5 axb5 21.Rxb5 
Rd4 22.Rxc5 Rxa4 23.f3 Rd8 24.h5 Ra1+ 25.Kf2 Rd2 26.hxg6 hxg6 27.Ke3 Rb2 
28.f4 Ra3+ 29.Kf2 Bg4 30.Rh8+ Kc7 31.Rb5 Rxe2+ 32.Nxe2 Bxe2 33.Rc5 Bd3 34.
Rh3 Ra2+ 35.Ke3 Bc4 36.Rh7 Ra3+ 37.Kf2 Ba2 38.f5 gxf5 39.g6 Kb6 40.g7 Ne7 
41.Rxf5 Ra8 42.Rg5 Rg8 43.Ke3 Ng6 44.e5 Be6 45.Kd4 Rd8+ 46.Kc3 Rc8+ 47.Kd4
Rd8+ 48.Kc3 Rc8+ 49.Kd4 1/2-1/2

[Event "Elite Hotels Open 2015"]
[Site "Elite Stadshotellet, Vaxjo"]
[Date "2015.02.14"]
[Round "6.25"]
[White "Hogeman, Joel"]
[Black "Nilsson, Patrik 1978"]
[Result "0-1"]
[WhiteElo "1972"]
[BlackElo "2177"]

1.d4 f5 2.g3 Nf6 3.Bg2 g6 4.Nf3 Bg7 5.O-O O-O 6.c4 d6 7.b3 Ne4 8.Bb2 Nc6 
9.Nbd2 Nxd2 10.Qxd2 e5 11.dxe5 dxe5 12.Qd5+ Kh8 13.Qxd8 Rxd8 14.Ng5 Rd2 
15.Bc3 Rc2 16.Rac1 Rxc1 17.Rxc1 Nd4 18.Kf1 e4 19.f3 h6 20.Nh3 exf3 21.exf3
g5 22.f4 Ne6 23.fxg5 hxg5 24.Bd5 g4 25.Bxe6 Bxe6 26.Nf4 Bf7 27.Bxg7+ Kxg7 
28.Rd1 Rh8 29.Kg2 c6 30.Rd7 b5 31.cxb5 cxb5 32.Rxa7 Rc8 33.Re7 Rc1 34.Re2 
Kf8 35.Kf2 Be8 36.Ne6+ Kf7 37.Nd4 Bd7 38.Ke3 Kf6 39.Kd2 Rc5 40.Kd3 Rc8 41.
Rc2 Rh8 42.Re2 Rc8 43.Kd2 Rc5 44.Nc2 Bc6 45.Nd4 Be4 46.Ke3 Ke5 47.Rd2 Rc3+
48.Kf2 b4 49.Ne2 Rf3+ 50.Ke1 Bd3 51.Rd1 Re3 52.Rd2 Ke4 53.Kf2 Rf3+ 54.Ke1 
Ke3 55.Rxd3+ Kxd3 56.Nf4+ Ke4 57.Ne6 Rc3 58.Kd2 Rc6 59.Nf4 Ra6 60.Ne6 0-1

[Event "Elite Hotels Open 2015"]
[Site "Elite Stadshotellet, Vaxjo"]
[Date "2015.02.14"]
[Round "6.26"]
[White "Johansson, Carl Fredrik"]
[Black "Goransson, Martin"]
[Result "0-1"]
[WhiteElo "2160"]
[BlackElo "1968"]

1.d4 d5 2.c4 c6 3.cxd5 cxd5 4.Nc3 Nc6 5.e4 e6 6.e5 Qb6 7.Nf3 Nh6 8.Bd3 Bd7
9.O-O g6 10.Nb5 Nf5 11.Bxf5 gxf5 12.Nd6+ Bxd6 13.exd6 Rg8 14.Bf4 Rg4 15.g3
a5 16.Re1 a4 17.h3 Rg8 18.b4 Na7 19.Qd3 O-O-O 20.Bg5 Nb5 21.Bxd8 Kxd8 22.
Qe3 Qxd6 23.Ne5 Be8 24.Nd3 Qb6 25.Nc5 Bd7 26.Qe5 Nd6 27.Qxd6 Qxd6 28.Nxb7+
Ke7 29.Nxd6 Kxd6 30.Rac1 Bb5 31.Rc5 Bc4 32.a3 f6 33.Ra5 e5 34.Rxa4 f4 35.
b5 exd4 36.b6 fxg3 37.b7 Rb8 38.Rb1 d3 39.Rab4 Kc5 40.fxg3 Kd4 41.Kf2 d2 
42.Rb6 Kd3 43.a4 Ba2 44.Ra1 Bc4 45.a5 Kc2 46.a6 Bxa6 47.Rbxa6 d1=N+ 48.Ke1
Rxb7 49.Rc6+ Nc3 50.Ra3 d4 51.Rxf6 Rb1+ 52.Kf2 Ne4+ 53.Ke2 Nxf6 54.Ra2+ 
Kc3 55.Ra3+ Kc4 56.Ra4+ Rb4 57.Ra6 d3+ 58.Kf3 Nd5 59.Rc6+ Kd4 60.g4 Rb7 
61.Kf2 Re7 0-1

[Event "Elite Hotels Open 2015"]
[Site "Elite Stadshotellet, Vaxjo"]
[Date "2015.02.14"]
[Round "6.27"]
[White "Johansson, Roland"]
[Black "Reid, Gregor J M"]
[Result "1/2-1/2"]
[WhiteElo "1963"]
[BlackElo "2133"]

1.e4 g6 2.d4 d6 3.Nc3 Bg7 4.Be3 Nc6 5.Nge2 Nf6 6.f3 O-O 7.Qd2 e5 8.g4 exd4
9.Nxd4 a6 10.Nxc6 bxc6 11.O-O-O Rb8 12.Bh6 Qe7 13.h4 Bxh6 14.Qxh6 d5 15.h5
Bxg4 16.fxg4 Rxb2 17.hxg6 fxg6 18.g5 Nxe4 19.Nxe4 Rxc2+ 20.Kxc2 Qxe4+ 21.
Kc1 Qe3+ 22.Rd2 Qc3+ 23.Kd1 Qa1+ 24.Ke2 Qe5+ 25.Kd1 Qa1+ 26.Ke2 1/2-1/2

[Event "Elite Hotels Open 2015"]
[Site "Elite Stadshotellet, Vaxjo"]
[Date "2015.02.14"]
[Round "6.28"]
[White "Sigeman, Johan"]
[Black "Tuomainen, Felix"]
[Result "1-0"]
[WhiteElo "2128"]
[BlackElo "1929"]

1.c4 c6 2.e4 d5 3.exd5 cxd5 4.d4 Nc6 5.Nc3 Nf6 6.Nf3 Bg4 7.cxd5 Nxd5 8.Qb3
Bxf3 9.gxf3 Nb6 10.d5 Nd4 11.Qd1 Nf5 12.Bb5+ Nd7 13.O-O g6 14.d6 Nxd6 15.
Qd4 f6 16.Qd5 a6 17.Ba4 Rc8 18.Re1 b5 19.Qxd6 bxa4 20.Nd5 Ne5 21.Qe6 Bg7 
22.Rxe5 fxe5 23.Bg5 Qd7 24.Qxa6 Rc6 25.Qb5 Kf7 26.Nc3 Rd6 27.Qc4+ e6 28.
Ne4 Rd4 29.Qe2 h6 30.Be3 Rd5 31.Nc5 Qc6 32.Rc1 Rhd8 33.Kg2 Bf8 34.Ne4 Qd7 
35.Qc2 a3 36.bxa3 Bxa3 37.Rb1 Bf8 38.Rb6 Rc8 39.Qb2 Rc7 40.Rb8 Bg7 41.Qb6 
Rc6 42.Qb4 Qe7 43.Qb3 Rc7 44.a4 g5 45.Qb6 Bf8 46.a5 Rdd7 47.a6 Kg7 48.Qb2 
Kg6 49.a7 Rxa7 50.Bxa7 Rxa7 51.Qxe5 Bg7 52.Qb5 Qf7 53.Nd6 Qe7 54.Nc8 Qc7 
55.Nxa7 Qxa7 56.Rb6 Qe7 57.Qc6 Kf6 58.Qd6 Qxd6 59.Rxd6 Kf5 60.Ra6 Be5 61.
h3 Kf6 62.Kf1 Bd4 63.Ke2 Bc5 64.Rc6 Bd4 65.Rc4 Be5 66.Kd3 Bb8 67.Ke4 Bd6 
68.Rc6 Be5 69.Rc8 Bd6 70.Rh8 Kg7 71.Rd8 Bf4 72.h4 Kg6 73.Ra8 Kh5 74.hxg5 
hxg5 75.Re8 Bc7 76.Rxe6 Bf4 77.Kf5 Bd2 78.Rd6 Bc1 79.Rd1 1-0

[Event "Elite Hotels Open 2015"]
[Site "Elite Stadshotellet, Vaxjo"]
[Date "2015.02.14"]
[Round "6.29"]
[White "Ottenklev, Niklas"]
[Black "Petersson, Baldur Teodor"]
[Result "1-0"]
[WhiteElo "2115"]
[BlackElo "1958"]

1.e4 c5 2.Nc3 e6 3.f4 a6 4.a4 Qc7 5.d3 d6 6.Nf3 Nd7 7.g3 b6 8.Bg2 Bb7 9.
O-O Ngf6 10.Qe2 Rc8 11.h3 Be7 12.g4 h6 13.Bd2 Nf8 14.Rae1 e5 15.Qf2 Ne6 
16.Ne2 b5 17.axb5 axb5 18.fxe5 dxe5 19.Nh4 c4 20.Nf5 Bc5 21.Be3 O-O 22.Kh1
Bxe3 23.Qxe3 Rfd8 24.Nxh6+ gxh6 25.Rxf6 cxd3 26.cxd3 Qc2 27.Qxh6 Rxd3 28.
Rxe6 fxe6 29.Qxe6+ Kh8 30.Qxe5+ Kg8 31.Qe6+ Kh8 32.Nf4 Rd1 33.Rxd1 Qxd1+ 
34.Kh2 Rc1 35.Qf6+ Kg8 36.Ne6 Qd6+ 37.e5 Rh1+ 38.Kxh1 Bxg2+ 39.Kh2 Qd7 40.
Qf8+ 1-0

[Event "Elite Hotels Open 2015"]
[Site "Elite Stadshotellet, Vaxjo"]
[Date "2015.02.14"]
[Round "6.30"]
[White "Karlsson, Roger"]
[Black "Gutzmann, Tobias"]
[Result "1/2-1/2"]
[WhiteElo "1921"]
[BlackElo "2101"]

1.e4 e6 2.d4 d5 3.exd5 exd5 4.Bd3 Bd6 5.Nc3 c6 6.Nge2 Nf6 7.Bg5 O-O 8.Qd2 
b5 9.Ng3 Be6 10.O-O Nbd7 11.Nf5 Bxf5 12.Bxf5 Qc7 13.h3 Rfe8 1/2-1/2

[Event "Elite Hotels Open 2015"]
[Site "Elite Stadshotellet, Vaxjo"]
[Date "2015.02.14"]
[Round "6.32"]
[White "Gummesson, Anton"]
[Black "Sevastianov, Andrii"]
[Result "0-1"]
[WhiteElo "1863"]
[BlackElo "2071"]
[EventDate "2015.02.13"]

1.e4 e5 2.Nf3 Nc6 3.Nc3 Nf6 4.g3 d5 5.exd5 Nxd5 6.Bg2 Nxc3 7.bxc3 Bc5 8.
O-O O-O 9.d3 Bg4 10.h3 Bh5 11.g4 Bg6 12.Ng5 Bb6 13.Re1 h6 14.Ne4 f5 15.
gxf5 Bxf5 16.Be3 Qh4 17.Qf3 Rae8 18.Qg3 Qh5 19.Bxb6 axb6 20.Qe3 Qh4 21.Qg3
Qh5 22.Qe3 Qh4 23.Qg3 Qd8 24.Re3 Re6 25.Qh2 Qh4 26.Rf1 Rg6 27.Rg3 Ne7 28.
Rxg6 Nxg6 29.Ng3 Bc8 30.Re1 Kh8 31.Ne4 Nf4 32.Re3 Qh5 33.Bf1 Qd1 0-1

[Event "Elite Hotels Open 2015"]
[Site "Elite Stadshotellet, Vaxjo"]
[Date "2015.02.14"]
[Round "6.33"]
[White "Neretljak, Nedzad"]
[Black "Waara, Jorgen"]
[Result "1-0"]
[WhiteElo "2029"]
[BlackElo "1863"]
[EventDate "2015.02.13"]

1.e4 c6 2.d4 d5 3.Nc3 dxe4 4.Nxe4 Nd7 5.Bc4 Ngf6 6.Ng5 e6 7.N1f3 h6 8.Nxe6
fxe6 9.O-O Nb6 10.Bd3 Bd6 11.Bg6+ Kf8 12.c4 Nxc4 13.Qe2 Nb6 14.Ne5 Bxe5 
15.dxe5 Nbd5 16.b3 b6 17.Qf3 Bd7 18.Bb2 Rc8 19.Rad1 Ke7 20.Rxd5 cxd5 21.
exf6+ Kd6 22.fxg7 Rg8 23.Bf6 Qc7 24.Qf4+ Kc6 25.Rc1+ Kb7 26.Rxc7+ Rxc7 27.
Bh7 1-0

[Event "Elite Hotels Open 2015"]
[Site "Elite Stadshotellet, Vaxjo"]
[Date "2015.02.14"]
[Round "6.34"]
[White "Qwarfort, Fredrik"]
[Black "Nilsson, Mikael"]
[Result "0-1"]
[WhiteElo "1838"]
[BlackElo "2026"]
[EventDate "2015.02.13"]

1.d4 d6 2.c4 e5 3.dxe5 dxe5 4.Qxd8+ Kxd8 5.Nc3 c6 6.Nf3 f6 7.e4 Be6 8.a3 
Nd7 9.Be2 g5 10.h3 Ne7 11.Be3 Ng6 12.O-O h5 13.Nh2 Kc7 14.Rac1 Nb6 15.Nd5+
Nxd5 16.cxd5 Bd7 17.Rc3 Nf4 18.Bxf4 gxf4 19.b4 Kd8 20.dxc6 Bxc6 21.f3 Rc8 
22.Rd1+ Bd7 23.Rxc8+ Kxc8 24.Bc4 Rh7 25.Nf1 Rg7 26.Kh2 h4 27.Nd2 Ba4 28.
Be6+ Bd7 29.Rc1+ Kb8 30.Bd5 Bb5 31.Kg1 Rc7 32.Rxc7 Kxc7 33.Nc4 Bc6 34.Be6 
Ba4 35.Kf2 Bb3 36.Bd5 b5 37.Na5 Bxd5 38.exd5 Kd6 39.Nc6 a6 40.Nb8 Kxd5 41.
Nxa6 Bd6 42.Ke2 f5 43.Kd3 e4+ 44.Kc3 e3 45.Kd3 Kc6 46.Ke2 Kb6 47.Nc5 Bxc5 
48.bxc5+ Kxc5 49.g3 fxg3 0-1

[Event "Elite Hotels Open 2015"]
[Site "Elite Stadshotellet, Vaxjo"]
[Date "2015.02.14"]
[Round "6.35"]
[White "Sarwary, Hamidullah"]
[Black "Karlsson, Robin"]
[Result "0-1"]
[WhiteElo "1838"]
[BlackElo "2012"]
[EventDate "2015.02.13"]

1.d4 Nf6 2.Bf4 g6 3.e3 Bg7 4.Nf3 O-O 5.Bd3 c5 6.c3 Qb6 7.Qb3 d6 8.Nbd2 Be6
9.c4 cxd4 10.exd4 Nbd7 11.O-O h6 12.Rfe1 Qc7 13.Bxg6 b5 14.Rxe6 fxe6 15.
Qe3 e5 16.h3 exf4 17.Qe6+ Kh8 18.Nh4 Rfc8 19.Bc2 Nf8 20.Qf7 e6 21.Ng6+ 
Nxg6 22.Qxg6 Rf8 23.Nf3 Qf7 24.Qd3 bxc4 25.Qxc4 e5 26.Qe2 e4 27.Nh4 d5 28.
f3 Qh5 29.g3 fxg3 30.Ng2 exf3 0-1

[Event "Elite Hotels Open 2015"]
[Site "Elite Stadshotellet, Vaxjo"]
[Date "2015.02.14"]
[Round "6.36"]
[White "Stenman, Christoffer"]
[Black "Lindh, Fredrik"]
[Result "0-1"]
[WhiteElo "1939"]
[BlackElo "2219"]
[EventDate "2015.02.13"]

1.e4 c5 2.Nc3 a6 3.g3 b5 4.Bg2 Bb7 5.d3 e6 6.Nf3 d6 7.O-O Nd7 8.Be3 Ngf6 
9.Nd2 Qc7 10.f4 Be7 11.f5 b4 12.fxe6 fxe6 13.Ncb1 Ne5 14.Bh3 Bc8 15.a3 O-O
16.d4 cxd4 17.Bxd4 d5 18.exd5 exd5 19.Bg2 Bg4 20.Qe1 Bc5 21.Nb3 Bxd4+ 22.
Nxd4 Rae8 23.Qxb4 Qa7 24.Nc3 Nc6 0-1

[Event "Elite Hotels Open 2015"]
[Site "Elite Stadshotellet, Vaxjo"]
[Date "2015.02.14"]
[Round "6.37"]
[White "Petersson, Kjell"]
[Black "Lindstrom, Andreas"]
[Result "1/2-1/2"]
[WhiteElo "2148"]
[BlackElo "1932"]
[EventDate "2015.02.13"]

1.f4 d5 2.Nf3 Nf6 3.e3 g6 4.d4 Bg7 5.Bd3 O-O 6.Nbd2 c5 7.c3 b6 8.Qe2 Bg4 
9.h3 Bxf3 10.Qxf3 Nc6 11.g4 Qd7 12.g5 Nh5 13.Nf1 c4 14.Bc2 b5 15.Bd2 a5 
16.Ng3 Nxg3 17.Qxg3 b4 18.h4 Qd6 19.a3 Rab8 20.Bc1 bxc3 21.bxc3 Rb3 22.
Bxb3 cxb3 23.a4 Rb8 24.Bb2 Na7 25.O-O Nc8 26.Ba3 Qc7 27.Bc5 e6 28.Rfb1 Bf8
29.Bxf8 Kxf8 30.Qe1 Nd6 31.Ra3 b2 32.Ra2 Nc4 33.Kf2 1/2-1/2

[Event "Elite Hotels Open 2015"]
[Site "Elite Stadshotellet, Vaxjo"]
[Date "2015.02.14"]
[Round "6.38"]
[White "Larsson, Per-Olov"]
[Black "Rahul Kumar, Pune"]
[Result "0-1"]
[WhiteElo "1969"]
[BlackElo "2148"]
[EventDate "2015.02.13"]

1.e4 e6 2.d4 d5 3.Nc3 Nf6 4.Bg5 Bb4 5.e5 h6 6.Bd2 Bxc3 7.bxc3 Ne4 8.Bd3 
Nxd2 9.Qxd2 c5 10.Bb5+ Bd7 11.Bxd7+ Nxd7 12.Nf3 Rc8 13.O-O O-O 14.Rfe1 Qe7
15.Qd3 Nb6 16.a4 cxd4 17.cxd4 Rc7 18.a5 Nc4 19.Qb3 Rfc8 20.Re2 Rc6 21.Nd2 
Nxd2 22.Rxd2 Rc3 23.Qa2 R8c7 24.g3 Qg5 25.Rad1 Qf5 26.Rc1 g5 27.Qa4 h5 28.
Qe8+ Kg7 29.f4 g4 30.Qd8 Rc8 31.Qe7 R3c7 32.Qh4 Kf8 33.Re2 Ke8 34.Rb1 Rd8 
35.Rb2 Kd7 36.Kf2 Kc8 37.Qf6 Qg6 38.Qxg6 fxg6 39.Re3 Rc4 40.Rd3 Ra4 41.Rb5
Kb8 42.Rdb3 Rd7 43.Ke3 Rc7 44.Kd3 Ra2 45.Rb2 Rxb2 46.Rxb2 Rc4 47.Ra2 Kc7 
48.c3 Kc6 49.Kc2 Kd7 50.Kb3 Rc6 51.Ra4 Ra6 52.Kb4 Kc6 53.Kb3 b6 54.axb6 
Rxa4 55.Kxa4 Kxb6 56.c4 dxc4 57.Kb4 c3 58.Kxc3 Kc6 59.Kc4 a5 60.Kb3 Kd5 
61.Ka4 Kxd4 62.Kxa5 g5 63.fxg5 Kxe5 64.Kb5 Kf5 65.Kc4 Kxg5 66.Kd3 e5 67.
Ke3 Kf6 68.Kd3 Ke7 69.Ke3 Kd6 70.Ke2 e4 71.Kd2 Kd5 72.Ke3 Ke5 73.Ke2 Kd4 
74.Kd2 e3+ 75.Ke2 Ke4 0-1